| 000 | 00923cam a22002653a 4500 | ||
|---|---|---|---|
| 001 | 3899 | ||
| 003 | PGUSA | ||
| 005 | 20140828083040.0 | ||
| 008 | 040826s2004||||xxu|||||s|||||000 | eng d | ||
| 040 |
_aPGUSA _beng |
||
| 042 | _adc | ||
| 050 | 4 | _aDC | |
| 100 | 1 |
_aGoldsmith, Lewis, _d-1846 |
|
| 245 | 1 | 0 |
_aMemoirs of the Court of St. Cloud (Being secret letters from a gentleman at Paris to a nobleman in London) — Complete _h[electronic resource] / _cLewis Goldsmith |
| 260 |
_bProject Gutenberg, _c2004 |
||
| 506 | _aPublic domain in the USA. | ||
| 516 | _aElectronic text | ||
| 653 | _aFrance -- Kings and rulers -- Biography | ||
| 653 | _aFrance -- History -- Consulate and First Empire, 1799-1815 | ||
| 653 | _aFrance -- Court and courtiers | ||
| 653 | _aNapoleon I, Emperor of the French, 1769-1821 | ||
| 830 | 0 |
_aProject Gutenberg _v3899 |
|
| 856 | 4 | 0 | _uhttp://www.gutenberg.org/ebooks/3899 |
| 942 | _cEB | ||
| 999 |
_c233228 _d233228 |
||